| 000 | 01179cab a2200229 4500 | ||
|---|---|---|---|
| 001 | ABS47990 | ||
| 008 | 090401t1993 xxu||||| |||| 00| 0 eng d | ||
| 035 | _a(Sirsi) u64326 | ||
| 041 | _aeng | ||
| 100 | _aJerram, D. | ||
| 245 | _aClause and effect | ||
| 260 | _c1993 | ||
| 350 | _a0 | ||
| 490 |
_aNew Civil Engineer _v(1028) 4 February 1993, 16(1) |
||
| 520 | _a"Humber Oil Terminals Trustee Ltd v Harbour & General Works (Stevin) Ltd" considered whether the circumstances which led to collapse and loss of contracting equipment were foreseeable. A legal decision would determine who would be liable for the remedial costs as agreed in the contract, drafted in accordance with the ICE conditions. The contractor claimed at arbitration that the collapse was not foreseeable and so liability would rest with the employer. The decision was in the contractor`s favour, upheld at the Official Referee`s Court and Court of Appeal. | ||
| 650 | _aICE CONDITIONS OF CONTRACT 5TH EDITION CL12 | ||
| 650 | _aICE CONDITIONS OF CONTRACT 5TH EDITION CL8(2) | ||
| 650 | _aPHYSICAL CONDITIONS | ||
| 690 | _aBUILDING AND CONSTRUCTION-CASE LAW | ||
| 942 | _n0 | ||
| 948 | _c04/03/1997 | ||
| 999 |
_c40059 _d40059 |
||